| 000 | 00619nam a2200241Ia 4500 | ||
|---|---|---|---|
| 005 | 20250425162614.0 | ||
| 008 | 250425s9999 xx 000 0 und d | ||
| 020 | _a0070293074 | ||
| 041 | _aeng | ||
| 082 | _a306 | ||
| 100 | _aHOFSTEDE, GEERT | ||
| 245 | 0 | _aCULTURES AND ORGANIZATIONS: SOFTWARE OF THE MIND | |
| 250 | _aS.E. | ||
| 260 |
_aEstados Unidos _bMCGRAW-HILL _c1997 |
||
| 260 | _aNEW YORK | ||
| 300 | _a279 | ||
| 650 | _aCOMUNICACION INTERCULTURAL | ||
| 650 | _aCOOPERACION INTERNACIONAL | ||
| 650 | _aETNOPSICOLOGIA | ||
| 650 | _aORGANIZACION-INVESTIGACION | ||
| 942 | _c01 | ||
| 010 | _a90078 | ||
| 999 |
_c232677 _d232677 |
||